| 000 | 00386pam a2200157a 44500 | ||
|---|---|---|---|
| 008 | 230515b2009 xxu||||| |||| 00| 0 eng d | ||
| 020 | _aNULL | ||
| 041 | _aENGLISH | ||
| 082 | _a543.08/WIL | ||
| 100 | _aWILLARD MERRITT | ||
| 245 | _aINSTRUMENTAL METHODS OF ANALYSIS | ||
| 250 | _a7 | ||
| 260 |
_aDELHI _bCBS PUBLISHER AND DISTRIBUTORS _c2009 |
||
| 300 | _aXXI-895 | ||
| 650 | _aNULL | ||
| 999 |
_c646250 _d646250 |
||